Možnosti vybudovania siete vodných ciest na Slovensku a ich napojenie na Dunaj
Perspektíva rozvoja siete vodných ciest v Európe. Základné podmienky budovania siete vodných ciest na Slovensku a ich charakteristika. Technické riešenie splavňovania tokov: Morava, Malý Dunaj, Váh, Nitra, Hron, Ipeľ. Možnosti plavebného spojenia Bratislavy a Košíc.
Salvato in:
| Autore principale: | |
|---|---|
| Altri autori: | |
| Natura: | Capitolo di libro |
| Lingua: | slovacco |
| Soggetti: | |
| Tags: |
Nessun Tag, puoi essere il primo ad aggiungerne!!
|
MARC
| LEADER | 00000naa a2200000 4500 | ||
|---|---|---|---|
| 001 | r017241 | ||
| 005 | 20221205090312.6 | ||
| 041 | 0 | |a slo | |
| 044 | |a SK | ||
| 245 | 1 | 0 | |a Možnosti vybudovania siete vodných ciest na Slovensku a ich napojenie na Dunaj |c Ľ. Rusnáková, P. Obložinský |
| 520 | |a Perspektíva rozvoja siete vodných ciest v Európe. Základné podmienky budovania siete vodných ciest na Slovensku a ich charakteristika. Technické riešenie splavňovania tokov: Morava, Malý Dunaj, Váh, Nitra, Hron, Ipeľ. Možnosti plavebného spojenia Bratislavy a Košíc. | ||
| 610 | 2 | 0 | |a cesty vodné |
| 610 | 2 | 0 | |a Slovensko |
| 610 | 2 | 0 | |a toky vodné |
| 610 | 2 | 0 | |a Morava |
| 610 | 2 | 0 | |a Malý Dunaj |
| 610 | 2 | 0 | |a Váh |
| 610 | 2 | 0 | |a Nitra |
| 610 | 2 | 0 | |a Hron |
| 610 | 2 | 0 | |a Ipeľ |
| 610 | 2 | 0 | |a Dunaj |
| 610 | 2 | 0 | |a siete dopravné |
| 610 | 2 | 0 | |a Európa |
| 100 | 1 | |a Rusnáková, Ľ. | |
| 700 | 1 | |a Obložinský, P. | |